000 00427nam a2200145Ia 4500
008 100204s9999 xx 000 0 und d
082 _b6392
100 _aपाधये भाऊ
245 _aथालीपीठ
260 _b"डिंंंंप्ंाल पब्लिकेशन, वसई"
_c1984
300 _a183
630 _aथालीपीठ
730 _aथालीपीठ
942 _cBOOK
999 _c450853
_d450850